00362pab a2200121 454500008004000000100001700040245009700057260000900154300001300163362001200176650002600188773002600214180718b2011 xxu||||| |||| 00| 0 eng d aArora, Dolly aReorganizing government: Will functional division and autonomy help improve policy delivery? c2011 ap.40-49. aJan-Dec aAdministrative reform aAdministrative Change